| 000 | 00000cam 2200000zi 4500 |
| 001 | 9.951097 |
| 003 | CaOODSP |
| 005 | 20251119101740 |
| 006 | m o d f |
| 007 | cr ||||||||||| |
| 008 | 250514t20252025onc ob f000 0 fre d |
| 020 | |a9780660773001 |
| 040 | |aCaOODSP|bfre|erda|cCaOODSP |
| 043 | |an-cn--- |
| 086 | 1 |aEn3-4/381-2025F-PDF |
| 245 | 00|aProgramme de rétablissement du grand requin blanc (Carcharodon carcharias), population de l'Atlantique. |
| 246 | 37|aProgramme de rétablissement du grand requin blanc (population de l’Atlantique) |
| 246 | 33|aProgramme de rétablissement du grand requin blanc (Carcharodon carcharias) dans les eaux canadiennes de l'Atlantique |
| 264 | 1|aOttawa : |bGouvernement du Canada = Government of Canada, |c2025. |
| 264 | 4|c©2025 |
| 300 | |a1 ressource en ligne (vii, 51 pages) : |billustration, cartes. |
| 336 | |atexte|btxt|2rdacontent/fre |
| 337 | |ainformatique|bc|2rdamedia/fre |
| 338 | |aressource en ligne|bcr|2rdacarrier/fre |
| 490 | 1 |aLoi sur les espèces en péril série des programmes de rétablissement |
| 500 | |aPublié par Pêches et océans Canada. |
| 500 | |aPublié aussi en anglais sous le titre : Recovery strategy for the white shark (Carcharodon carcharias), Atlantic population. |
| 500 | |aTitre de la couverture. |
| 504 | |aComprend des références bibliographiques (pages 38-48). |
| 650 | 6|aRequin blanc|xConservation|zAtlantique, Côte de l' (Canada) |
| 650 | 6|aPoissons rares|zAtlantique, Côte de l' (Canada) |
| 650 | 6|aFaune|xRétablissement|zAtlantique, Côte de l' (Canada) |
| 710 | 1 |aCanada. |bMinistère des pêches et des océans, |eorganisme de publication. |
| 775 | 08|tRecovery strategy for the white shark (Carcharodon carcharias), Atlantic population.|w(CaOODSP)9.951096 |
| 830 | #0|aLoi sur les espèces en péril, série de programmes de rétablissement.|w(CaOODSP)9.501470 |
| 856 | 40|qPDF|s1.53 Mo|uhttps://publications.gc.ca/collections/collection_2025/mpo-dfo/En3-4-381-2025-fra.pdf |
| 856 | 4 |qHTML|sS.O.|uhttps://www.canada.ca/fr/environnement-changement-climatique/services/registre-public-especes-peril/programmes-retablissement/grand-requin-blanc-2025.html |